| 000 | 00431nam a2200145 a 4500 | ||
|---|---|---|---|
| 005 | 20140310183341.0 | ||
| 008 | 061219s19uu xx 00 eng d | ||
| 020 | _a1-932994-10-6 | ||
| 100 | _aAndreas, Robert, editor | ||
| 245 |
_a100 events that shook our world : _ba history in pictures of the last 100 years. |
||
| 260 |
_aNew York : _bTime Inc, _c2005. |
||
| 300 | _a160 | ||
| 650 |
_aWorld history _xMiscellanea. |
||
| 942 | _cBK | ||
| 999 |
_c21808 _d21808 |
||